000 00373 a2200157 4500
001 192916
020 _a978-85-262-6046-7
040 _cMagnum
100 _aLa Fontaine, Jean de
240 1 0 _aFábulas de jean de la fontaine
_lpor
245 1 0 _aFábulas de jean de la fontaine
300 _a48
362 0 _a2008
697 _aLITERATURA INFANTO-JUVENIL
942 _cBK
999 _c192916
_d192916